|
|
|
|
| LEADER |
00000nam0a2200000 4500 |
| 001 |
40504 |
| 005 |
20231031012806.0 |
| 010 |
|
|
|a 5020131237
|
| 035 |
|
|
|a (RuTPU)RU\TPU\book\41562
|
| 090 |
|
|
|a 40504
|
| 100 |
|
|
|a 20020517d2001 km y0rusy50 ca
|
| 101 |
0 |
|
|a rus
|
| 102 |
|
|
|a RU
|
| 105 |
|
|
|a y z 001zy
|
| 200 |
1 |
|
|a Нематериальное производство и экономический рост
|f А. З. Селезнев
|g Российская академия наук (РАН), Центральный экономико-математический институт (ЦЭМИ)
|
| 210 |
|
|
|a Москва
|c Наука
|d 2001
|
| 215 |
|
|
|a 261 с.
|
| 320 |
|
|
|a Библиогр.: с. 256-259.
|
| 610 |
1 |
|
|a экономика
|
| 610 |
1 |
|
|a нематериальное производство
|
| 610 |
1 |
|
|a общественные нематериальные блага
|
| 610 |
1 |
|
|a государственное регулирование
|
| 610 |
1 |
|
|a экономический рост
|
| 686 |
|
|
|a У9(2)49
|v LBC/SL-A
|2 rubbk
|
| 700 |
|
1 |
|a Селезнев
|b А. З.
|g Александр Захарович
|
| 712 |
0 |
2 |
|a Российская академия наук (РАН)
|b Центральный экономико-математический институт (ЦЭМИ)
|c (Москва)
|2 stltpush
|3 (RuTPU)RU\TPU\col\419
|
| 801 |
|
1 |
|a RU
|b 63413507
|c 20020517
|g PSBO
|
| 801 |
|
2 |
|a RU
|b 63413507
|c 20190208
|g PSBO
|
| 942 |
|
|
|c BK
|